Minéraux formules - Statistiques

Statistiques générales
  • Ce quiz a été pris 72 fois
  • Le résultat moyen est 5 sur 23
Statistiques - réponses
Minéral Formule chimique % Correct
Graphite C
98%
Calcite, Aragonite CaCO3
80%
Quartz SiO2
59%
Pyrite, Marcasite FeS2
41%
Galène PbS
33%
Hématite Fe2O3
27%
Magnétite Fe3O4
22%
Corindon Al2O3
20%
Chalcopyrite CuFeS2
20%
Gypse CaSO4 2H2O
16%
Fluorite
CaF2
14%
Orthose KAlSi3O8
14%
Baryte BaSO4
10%
Sphalérite ZnS
10%
Disthène Al2SiO5
8%
Béryl Be3Al2Si6O18
8%
Wolframite (Fe,Mn)WO4
6%
Cassitérite SnO2
6%
Talc Mg3Si4O10(OH)2
4%
Muscovite Al2(AlSi3O10)(OH)2
2%
Bauxite AlO(OH) boehmite AlOOH diaspore Al(OH)3 gibbsite
0%
Malachite Cu2CO3 Cu(OH)2
0%
Azurite Cu3(OH)2(CO3)2
0%
Aucun quiz correspondant
Distribution des résultats
% des personnes avec chaque résultat
Percentile par nombre de réponses
Votre historique - résultats
Vous n’avez pas pris ce quiz